LOS FUNDAMENTOS DE LA DOCTRINA ISLAMICA (Registro nro. 52510)
[ vista simple ]
| 000 -LEADER | |
|---|---|
| fixed length control field | 00984nam a2200205 a 4500 |
| 001 - CONTROL NUMBER | |
| control field | 52510 |
| 005 - DATE AND TIME OF LATEST TRANSACTION | |
| control field | 20180714042402.0 |
| 008 - FIXED-LENGTH DATA ELEMENTS--GENERAL INFORMATION | |
| fixed length control field | 140415s1990 ir 000 0 spa d |
| 041 ## - LANGUAGE CODE | |
| Language code of text/sound track or separate title | spa |
| 082 ## - DEWEY DECIMAL CLASSIFICATION NUMBER | |
| Classification number | 297.2 |
| Item number | LAR |
| 100 1# - MAIN ENTRY--PERSONAL NAME | |
| Personal name | LARI, SAYYID MUJTABA MUSAVI |
| 245 14 - TITLE STATEMENT | |
| Title | LOS FUNDAMENTOS DE LA DOCTRINA ISLAMICA |
| 250 ## - EDITION STATEMENT | |
| Edition statement | 1a ed. |
| 260 ## - PUBLICATION, DISTRIBUTION, ETC. | |
| Place of publication, distribution, etc. | IRAN : |
| Name of publisher, distributor, etc. | FUNDACION PARA LA DIFUSION DE LA CULTURA ISLAMICA EN EL MUND, |
| Date of publication, distribution, etc. | 1990 |
| 300 ## - PHYSICAL DESCRIPTION | |
| Extent | 216 |
| Dimensions | 14 x 1.2 x 21.5 |
| 520 ## - SUMMARY, ETC. | |
| Summary, etc. | EL PRESENTE TRABAJO ES UN ESFUERZO PARA PRESENTAR EN UNA FORMA CONCISA Y VIVAZ UN PANORAMA DE LAS BASES DOCTRINARIAS DEL ISLAM , COMBINANDO EL RAZONAMIENTO FILOSÓFICO CON LA SIMPLICIDAD DEL HABLA. COMO NUESTRA INTENCION HA SIDO PRESENTAR UN TRABAJO RELATIVAMENTE CONCISO, NOS HEMOS ABSTENIDO DE MENCIONAR LAS OPINIONES DE DIVERSOS FILOSOFOS Y CIENTIFICOS CON GRAN DETALLE. |
| 650 14 - SUBJECT ADDED ENTRY--TOPICAL TERM | |
| Topical term or geographic name entry element | ISLAMISMO |
| 700 1# - ADDED ENTRY--PERSONAL NAME | |
| Personal name | BRUSA, HAIDAR TAUFIQ |
| Relator term | tr. |
| 740 ## - ADDED ENTRY--UNCONTROLLED RELATED/ANALYTICAL TITLE | |
| Uncontrolled related/analytical title | THE FUNDATIONS OF ISLAMIC DOCTRINE |
| Withdrawn status | Lost status | Source of classification or shelving scheme | Damaged status | Not for loan | Collection code | Home library | Current library | Shelving location | Date acquired | Source of acquisition | Inventory number | Total Checkouts | Full call number | Barcode | Date last seen | Price effective from | Koha item type |
|---|---|---|---|---|---|---|---|---|---|---|---|---|---|---|---|---|---|
| Dewey Decimal Classification | General | Biblioteca Karol Wojtyla | Biblioteca Karol Wojtyla | Sala general | 03/12/2013 | Compra | 151000000000000000058200 | 297.2 LAR | 78019 | 05/01/2026 | 03/12/2013 | Libro | |||||
| Dewey Decimal Classification | General | Biblioteca Karol Wojtyla | Biblioteca Karol Wojtyla | Sala general | 03/12/2013 | Compra | 151000000000000000058209 | 297.2 LAR | 78018 | 05/01/2026 | 03/12/2013 | Libro | |||||
| Dewey Decimal Classification | General | Biblioteca Karol Wojtyla | Biblioteca Karol Wojtyla | Sala general | 03/12/2013 | Compra | 151000000000000000058203 | 297.2 LAR | 78020 | 05/01/2026 | 03/12/2013 | Libro |